000 00927nam a22002057a 4500
005 20120309123426.0
010 _aB-456381
020 _a9780521732215
_c65.00
035 _aB-456381
037 _bAllied
082 _a488.0076
100 _aDriscoll, Liz
_944448
245 _aCommon mistakes at elementary..and how to avoid them /
_cby Liz Driscoll
260 _aNew Delhi
_bCambridge University Press
_c2008
270 _aCambridge House,4381/4,Ansari Road,Daryaganj,
_bNew Delhi
_e110002
300 _a64p
_c22cm(pbk)
_bill
942 _2ddc
_cEN
_mDRI
_h488.0076
999 _c63959
_d63959